000 01362nam0a2200337 i 4500
001 RU\NLR\BIBL_A\010700566
005 20241101040423.0
010 _a9785170843305
_92000
021 _aRU
_b2015-4772
_9294
035 _a(NILC)RuMoRGB-007859379
035 _a(NLR Aleph) 010700566
090 _a9720883
_c9720883
100 _a20150317d2015 u y0rusy50 ca
101 0 _arus
102 _aRU
105 _aa|||z|||000yy
200 1 _aВсе о заработке в Интернете
_fАнатолий Белоусов, Никита Королев
210 _aМосква
_cАСТ
_cКладезь
_d2015
215 _a284, [3] с.
_cил.
_d24
225 1 _aДеньги под ногами
333 _a12+
606 1 _aINTERNET, глобальная информационная сеть
_xПрименение в предпринимательстве
_92115659
_3RU\NLR\AUTH\661278143
686 1 _aУ9(2)-13в612
700 1 _7ca
_8rus
_aБелоусов
_bА. А.
_cписатель
_f1974-
_gАнатолий Анатольевич
_9240699
_3RU\NLR\AUTH\770240755
701 1 _aКоролев
_bН.
_cинфобизнесмен
_f1989-
_gНикита
_9146943
_3RU\NLR\AUTH\770146979
801 0 _aRU
_bРГБ
_c20150203
_gRCR
801 1 _aRU
_bРГБ
_c20150203
_2rusmarc
942 _cBOOK
980 _aNBR